[Event "SWE-chT U16 final"]
[Site "Lund"]
[Date "2016.08.13"]
[Round "3.1"]
[White "Ng, Klemens"]
[Black "Akke, Mattias"]
[Result "1-0"]
[WhiteElo "1914"]
[BlackElo "1614"]
[PlyCount "45"]
[EventDate "2016.08.12"]
[EventType "team-tourn"]
[EventRounds "5"]
[EventCountry "SWE"]
[SourceTitle "EXT 2019"]
[Source "ChessBase"]
[SourceDate "2018.10.10"]
[SourceVersion "1"]
[SourceVersionDate "2018.10.10"]
[SourceQuality "1"]
[WhiteTeam "Orgryte"]
[BlackTeam "Lund"]
[WhiteTeamCountry "SWE"]
[BlackTeamCountry "SWE"]

1. e4 c5 2. Nf3 Nc6 3. d4 cxd4 4. Nxd4 Nf6 5. Nc3 e5 6. Ndb5 d6 7. Bg5 a6 8. Na3 b5 9. Nd5 Be7 10. Bxf6 Bxf6 11. c3 0-0 12. Nc2 Bg5 13. h4 Bxh4 14. Qh5 Bxf2+ 15. Kxf2 h6 16. g4 Be6 17. Nce3 b4 18. Bc4 bxc3 19. bxc3 Na5 20. Bd3 Nb7 21. g5 Qxg5 22. Qxg5 hxg5 23. Ne7# 1-0

[Event "SWE-chT U16 final"]
[Site "Lund"]
[Date "2016.08.12"]
[Round "1.1"]
[White "Akke, Mattias"]
[Black "Storme, Isak"]
[Result "1/2-1/2"]
[WhiteElo "1614"]
[BlackElo "2108"]
[PlyCount "87"]
[EventDate "2016.08.12"]
[EventType "team-tourn"]
[EventRounds "5"]
[EventCountry "SWE"]
[SourceTitle "EXT 2019"]
[Source "ChessBase"]
[SourceDate "2018.10.10"]
[SourceVersion "1"]
[SourceVersionDate "2018.10.10"]
[SourceQuality "1"]
[WhiteTeam "Lund"]
[BlackTeam "Manhem"]
[WhiteTeamCountry "SWE"]
[BlackTeamCountry "SWE"]

1. e4 c5 2. Nc3 Nc6 3. f4 g6 4. Bc4 Bg7 5. Nf3 a6 6. a3 e6 7. d3 d6 8. 0-0 Nge7 9. Qe1 Nd4 10. Nxd4 cxd4 11. Ne2 0-0 12. f5 exf5 13. exf5 Nxf5 14. Ng3 d5 15. Nxf5 Bxf5 16. Bb3 Rc8 17. Qg3 Qd7 18. Bf4 Rfe8 19. Rae1 b5 20. Be5 Bxe5 21. Rxe5 Be6 22. Qf4 Qa7 23. Rf2 a5 24. h3 Red8 25. a4 bxa4 26. Bxa4 Qb6 27. Bb3 Rf8 28. Bxd5 Bxd5 29. Rxd5 Qxb2 30. Rxa5 Rxc2 31. Rxc2 Qxc2 32. Qxd4 Qc1+ 33. Kh2 Re8 34. Rc5 Qb1 35. Qd7 Qe1 36. Rc8 Qe5+ 37. Kh1 Rxc8 38. Qxc8+ Kg7 39. Qc4 Qe1+ 40. Kh2 Qe5+ 41. Kh1 Qe1+ 42. Kh2 Qe5+ 43. Kh1 Qe1+ 44. Kh2 1/2-1/2

[Event "Vaxjo op"]
[Site "Vaxjo"]
[Date "2015.02.13"]
[Round "4"]
[White "Akke, Mattias"]
[Black "Polovnikova, Margo"]
[Result "0-1"]
[WhiteElo "1399"]
[BlackElo "1504"]
[PlyCount "54"]
[EventDate "2015.02.13"]
[EventType "swiss"]
[EventRounds "8"]
[EventCountry "SWE"]
[SourceTitle "CBM 164 Extra"]
[Source "ChessBase"]
[SourceDate "2015.03.02"]
[SourceVersion "1"]
[SourceVersionDate "2015.03.02"]
[SourceQuality "1"]

1. d4 f5 2. Nf3 Nf6 3. c4 g6 4. e3 Bg7 5. Nc3 0-0 6. g3 d6 7. Bg2 Nbd7 8. d5 Nc5 9. b4 Nce4 10. Nxe4 Nxe4 11. Nd2 Bxa1 12. Nxe4 fxe4 13. Bxe4 Bg7 14. Qc2 Bf5 15. h4 Bxe4 16. Qxe4 Bc3+ 17. Ke2 Qe8 18. g4 Qf7 19. f4 Rae8 20. Rg1 e6 21. Qd3 Bg7 22. Bd2 exd5 23. Bc3 dxc4 24. Qc2 Qxf4 25. Bxg7 Qxe3+ 26. Kd1 Qxg1+ 27. Kd2 Qe1# 0-1

[Event "Malmo op"]
[Site "Malmo"]
[Date "2014.12.13"]
[Round "2"]
[White "Karlsson, Stefan"]
[Black "Akke, Mattias"]
[Result "1/2-1/2"]
[WhiteElo "1444"]
[BlackElo "1362"]
[PlyCount "84"]
[EventDate "2014.12.12"]
[EventType "swiss"]
[EventRounds "7"]
[EventCountry "SWE"]
[SourceTitle "EXT 2016"]
[Source "ChessBase"]
[SourceDate "2015.10.08"]
[SourceVersion "1"]
[SourceVersionDate "2015.10.08"]
[SourceQuality "1"]

1. e4 c5 2. Nf3 Nc6 3. Nc3 d6 4. Bb5 e6 5. d4 cxd4 6. Nxd4 Nge7 7. 0-0 e5 8. Nf3 a6 9. Bc4 g6 10. Ng5 Be6 11. Bxe6 fxe6 12. Nxe6 Qd7 13. Ng5 h6 14. Nh3 g5 15. Qh5+ Kd8 16. Nxg5 Kc7 17. Nd5+ Nxd5 18. exd5 Nd4 19. c3 Ne2+ 20. Qxe2 hxg5 21. Qc4+ Kb8 22. Bxg5 Rg8 23. Qh4 Qg7 24. Qh6 Qxg5 25. Qxg5 Rxg5 26. f4 exf4 27. Rxf4 Kc7 28. Raf1 Be7 29. Rf7 Kd7 30. R7f5 Rag8 31. g3 Kc7 32. R1f4 b5 33. Rf7 Re8 34. R7f5 Kb6 35. b4 Rc8 36. Rf7 Bd8 37. Rd7 Rxd5 38. Rf8 Rxc3 39. Rfxd8 Rd1+ 40. Kg2 Kc6 41. Ra7 Kb6 42. Rad7 Kc6 1/2-1/2